On estimating business loan credit risk in Slovakia

Banky si stanovujú vlastné úverové stupnice. Výška úverov pre firmy na Slovensku. Rozdelenie úverov - štyri kategórie. Zhodnotenie pohľadávok cez portfólio. Finančná analýza 80-tych firiem a ich rozdelenie do kategórií podľa rôznych úverových stupníc. Úverové riziko, straty pre banky.

Uložené v:
Podrobná bibliografia
Hlavný autor: Gertler, Ľubomíra, 1977-
Ďalší autori: Sivák, Rudolf, 1955-
Médium: Kapitola
Jazyk:English
Predmet:
Tagy: Pridať tag
Žiadne tagy, Buďte prvý, kto otaguje tento záznam!

MARC

LEADER 00000naa$a2200000$$$4500
001 0053938
005 20240502083137.0
041 0 |a eng 
044 |a PL 
245 1 0 |a On estimating business loan credit risk in Slovakia  |c Ľubomíra Gertler, Rudolf Sivák 
520 |a Banky si stanovujú vlastné úverové stupnice. Výška úverov pre firmy na Slovensku. Rozdelenie úverov - štyri kategórie. Zhodnotenie pohľadávok cez portfólio. Finančná analýza 80-tych firiem a ich rozdelenie do kategórií podľa rôznych úverových stupníc. Úverové riziko, straty pre banky. 
610 2 0 |a riziko úverové 
610 2 0 |a úver bankový 
610 2 0 |a pôžičky 
610 2 0 |a firmy 
610 2 0 |a portfólio 
610 2 0 |a Slovensko 
100 1 |a Gertler, Ľubomíra, 1977- 
700 1 |a Sivák, Rudolf, 1955-